Bangladesh national culture and heritage : an introductory reader /

Contributed articles on history and civilization of Bangladesh in 19th and 20th century.

التفاصيل البيبلوغرافية
مؤلف مشترك: Independent University, Bangladesh
مؤلفون آخرون: Ahmed, A. F. Salahuddin, Chowdhury, Bazlul Mobin, Khan, A. Majeed, Chowdhury, Abdul Momin, Shahed, Syed Mohammad
التنسيق: كتاب
اللغة:English
منشور في: Dhaka : University Press Limited, 2022, 2024.
الطبعة:First UPL edition 2022.
الموضوعات:
Classic Catalogue: View this record in Classic Catalogue
LEADER 08718nam a2200577 4500
001 42552
003 BD-DhAAL
005 20260329193610.0
008 240505t20042022bg ab||| |b|| 001 0 eng d
020 |a 9789845062732 
020 |a 9789845062725 
040 |a BD-DhAAL  |c BD-DhAAL 
082 |a 954.92031 
245 |a Bangladesh national culture and heritage :  |b an introductory reader /  |c edited by A. F. Salahuddin Ahmed ... [et al.]. 
250 |a First UPL edition 2022. 
260 |a Dhaka :  |b University Press Limited,  |c 2022, 2024. 
300 |a xviii, 538 pages :  |b color illustrations, maps ;  |c 24 cm. 
504 |a Includes bibliographical references and index. 
520 |a Contributed articles on history and civilization of Bangladesh in 19th and 20th century. 
526 |a GenEd (RS)  |x Tahseen H. Ali, PhD Assistant Dean of the School of General Education Course Name and No.: 'Emergence of Bangladesh (EMB-101)' 
541 |a Development Book Agency, Karim International, Book Finder International.  |e  41521, 41522, 41523, 41524, 41525, 41526, 1452, 42552, 42553, 42554, 42555, 42556, 45299, 45300, 45301, 45302, 45303. 
651 |a Bangladesh  |x History  |y 19th century.  |9 29497 
651 |a Bangladesh  |x History  |y 20th century. 
651 |a Bangladesh  |x Civilization  |y 20th century.  |9 29500 
651 |a Bangladesh  |x Civilization  |y 19th century.  |9 29499 
700 |a Ahmed, A. F. Salahuddin. 
700 |a Chowdhury, Bazlul Mobin.  |9 29502 
700 |a Khan, A. Majeed.  |9 56305 
700 |a Chowdhury, Abdul Momin. 
700 |a Shahed, Syed Mohammad.  |9 56306 
710 |a Independent University, Bangladesh,  |9 2059 
852 |a Savar Campus Library  |c General Stacks 
942 |2 ddc  |c BK 
999 |c 46536  |d 46536 
952 |0 0  |1 0  |2 ddc  |4 0  |6 954_920310000000000_BAN  |7 0  |9 73975  |a SCL  |b SCL  |c CIR  |d 2023-07-16  |e Development Book Agency  |g 2816.00  |l 57  |m 4  |o 954.92031 BAN  |p 3020041524  |r 2025-10-16  |s 2025-10-16  |t 4  |v 5632.00  |w 2023-07-16  |y 4HOUR  |x As per the instruction of Dr. Tahseen H. Ali, Assistant Dean of the School of General Education, the book has been placed on a 4-hour loan for the course titled- 'Emergence of Bangladesh (EMB-101)'. 
952 |0 0  |1 0  |2 ddc  |4 0  |6 954_920310000000000_BAN  |7 0  |9 73976  |a SCL  |b SCL  |c CIR  |d 2023-07-16  |e Development Book Agency  |g 2816.00  |l 62  |m 1  |o 954.92031 BAN  |p 3020041525  |r 2025-12-07  |s 2025-12-07  |t 5  |v 5632.00  |w 2023-07-16  |y 4HOUR  |x As per the instruction of Dr. Tahseen H. Ali, Assistant Dean of the School of General Education, the book has been placed on a 4-hour loan for the course titled- 'Emergence of Bangladesh (EMB-101)'. 
952 |0 0  |1 0  |2 ddc  |4 0  |6 954_920310000000000_BAN  |7 0  |9 73977  |a SCL  |b SCL  |c CIR  |d 2023-07-16  |e Development Book Agency  |g 2816.00  |l 52  |m 4  |o 954.92031 BAN  |p 3020041526  |r 2025-06-28  |s 2025-06-28  |t 6  |v 5632.00  |w 2023-07-16  |y 4HOUR  |x As per the instruction of Dr. Tahseen H. Ali, Assistant Dean of the School of General Education, the book has been placed on a 4-hour loan for the course titled- 'Emergence of Bangladesh (EMB-101)'. 
952 |0 0  |1 0  |2 ddc  |4 0  |6 954_920310000000000_BAN  |7 0  |9 73978  |a SCL  |b SCL  |c CIR  |d 2023-07-16  |e Development Book Agency  |g 2816.00  |l 56  |m 8  |o 954.92031 BAN  |p 3020041523  |r 2025-10-16  |s 2025-10-16  |t 3  |v 5632.00  |w 2023-07-16  |y 4HOUR  |x As per the instruction of Dr. Tahseen H. Ali, Assistant Dean of the School of General Education, the book has been placed on a 4-hour loan for the course titled- 'Emergence of Bangladesh (EMB-101)'. 
952 |0 0  |1 0  |2 ddc  |4 0  |6 954_920310000000000_BAN  |7 0  |9 73979  |a SCL  |b SCL  |c CIR  |d 2023-07-16  |e Development Book Agency  |g 2816.00  |l 92  |m 9  |o 954.92031 BAN  |p 3020041522  |r 2025-07-13  |s 2025-07-13  |t 2  |v 5632.00  |w 2023-07-16  |y 4HOUR  |x As per the instruction of Dr. Tahseen H. Ali, Assistant Dean of the School of General Education, the book has been placed on a 4-hour loan for the course titled- 'Emergence of Bangladesh (EMB-101)'. 
952 |0 0  |1 0  |2 ddc  |4 0  |6 954_920310000000000_BAN  |7 0  |9 73980  |a SCL  |b SCL  |c CIR  |d 2023-07-16  |e Development Book Agency  |g 2816.00  |l 78  |m 3  |o 954.92031 BAN  |p 3020041521  |r 2025-11-12  |s 2025-11-12  |t 1  |v 5632.00  |w 2023-07-16  |y 4HOUR  |x As per the instruction of Dr. Tahseen H. Ali, Assistant Dean of the School of General Education, the book has been placed on a 4-hour loan for the course titled- 'Emergence of Bangladesh (EMB-101)'. 
952 |0 0  |1 0  |2 ddc  |4 0  |6 954_920310000000000_BAN  |7 0  |9 73981  |a SCL  |b SCL  |c CIR  |d 2023-07-16  |e Development Book Agency  |g 2816.00  |l 50  |m 2  |o 954.92031 BAN  |p 3020041527  |r 2026-03-03  |s 2026-03-03  |t 7  |v 5632.00  |w 2023-07-16  |y 4HOUR  |x As per the instruction of Dr. Tahseen H. Ali, Assistant Dean of the School of General Education, the book has been placed on a 4-hour loan for the course titled- 'Emergence of Bangladesh (EMB-101)'. 
952 |0 0  |1 0  |2 ddc  |4 0  |6 954_920310000000000_BAN  |7 0  |9 75345  |a SCL  |b SCL  |c CIR  |d 2024-04-21  |e Karim International  |g 1680.00  |l 76  |o 954.92031 BAN  |p 3020042555  |r 2026-03-03  |s 2026-03-03  |t 11  |v 3360.00  |w 2024-04-21  |y 4HOUR  |x As per the instruction of Dr. Tahseen H. Ali, Assistant Dean of the School of General Education, the book has been placed on a 4-hour loan for the course titled- 'Emergence of Bangladesh (EMB-101)'. 
952 |0 0  |1 0  |2 ddc  |4 0  |6 954_920310000000000_BAN  |7 0  |9 75346  |a SCL  |b SCL  |c CIR  |d 2024-04-21  |e Karim International  |g 1680.00  |l 50  |o 954.92031 BAN  |p 3020042553  |r 2026-03-03  |s 2026-03-03  |t 10  |v 3360.00  |w 2024-04-21  |y 4HOUR  |x As per the instruction of Dr. Tahseen H. Ali, Assistant Dean of the School of General Education, the book has been placed on a 4-hour loan for the course titled- 'Emergence of Bangladesh (EMB-101)'. 
952 |0 0  |1 0  |2 ddc  |4 0  |6 954_920310000000000_BAN  |7 0  |9 75347  |a SCL  |b SCL  |c CIR  |d 2024-04-21  |e Karim International  |g 1680.00  |l 54  |o 954.92031 BAN  |p 3020042552  |r 2026-03-03  |s 2026-03-03  |t 8  |v 3360.00  |w 2024-04-21  |y 4HOUR  |x As per the instruction of Dr. Tahseen H. Ali, Assistant Dean of the School of General Education, the book has been placed on a 4-hour loan for the course titled- 'Emergence of Bangladesh (EMB-101)'. 
952 |0 0  |1 0  |2 ddc  |4 0  |6 954_920310000000000_BAN  |7 0  |9 75348  |a SCL  |b SCL  |c CIR  |d 2024-04-21  |e Karim International  |g 1680.00  |l 39  |o 954.92031 BAN  |p 3020042554  |r 2026-03-03  |s 2026-03-03  |t 9  |v 3360.00  |w 2024-04-21  |y 4HOUR  |x As per the instruction of Dr. Tahseen H. Ali, Assistant Dean of the School of General Education, the book has been placed on a 4-hour loan for the course titled- 'Emergence of Bangladesh (EMB-101)'. 
952 |0 0  |1 0  |2 ddc  |4 0  |6 954_920310000000000_BAN  |7 0  |9 75349  |a SCL  |b SCL  |c CIR  |d 2024-04-21  |e Karim International  |g 1680.00  |l 37  |o 954.92031 BAN  |p 3020042556  |r 2026-04-21  |s 2026-02-01  |t 12  |v 3360.00  |w 2024-04-21  |y 4HOUR  |x As per the instruction of Dr. Tahseen H. Ali, Assistant Dean of the School of General Education, the book has been placed on a 4-hour loan for the course titled- 'Emergence of Bangladesh (EMB-101)'. 
952 |0 0  |1 0  |2 ddc  |4 0  |6 954_920310000000000_BAN  |7 0  |9 78791  |a SCL  |b SCL  |c CIR  |d 2026-01-29  |e Book Finder International   |g 1570.00  |l 0  |o 954.92031 BAN  |p 3020045302  |r 2026-01-29  |t 16  |v 3140.00  |w 2026-01-29  |y 4HOUR  |x As per the instruction of Dr. Tahseen H. Ali, Assistant Dean of the School of General Education, the book has been placed on a 4-hour loan for the course titled- 'Emergence of Bangladesh (EMB-101)'. 
952 |0 0  |1 0  |2 ddc  |4 0  |6 954_920310000000000_BAN  |7 0  |9 78792  |a SCL  |b SCL  |c CIR  |d 2026-01-29  |e Book Finder International   |g 1570.00  |l 4  |o 954.92031 BAN  |p 3020045299  |r 2026-04-17  |s 2026-04-04  |t 13  |v 3140.00  |w 2026-01-29  |y 4HOUR  |x As per the instruction of Dr. Tahseen H. Ali, Assistant Dean of the School of General Education, the book has been placed on a 4-hour loan for the course titled- 'Emergence of Bangladesh (EMB-101)'. 
952 |0 0  |1 0  |2 ddc  |4 0  |6 954_920310000000000_BAN  |7 0  |9 78793  |a SCL  |b SCL  |c CIR  |d 2026-01-29  |e Book Finder International   |g 1570.00  |l 7  |o 954.92031 BAN  |p 3020045301  |r 2026-04-01  |s 2026-04-01  |t 15  |v 3140.00  |w 2026-01-29  |y 4HOUR  |x As per the instruction of Dr. Tahseen H. Ali, Assistant Dean of the School of General Education, the book has been placed on a 4-hour loan for the course titled- 'Emergence of Bangladesh (EMB-101)'. 
952 |0 0  |1 0  |2 ddc  |4 0  |6 954_920310000000000_BAN  |7 0  |9 78794  |a SCL  |b SCL  |c CIR  |d 2026-01-29  |e Book Finder International   |g 1570.00  |l 3  |o 954.92031 BAN  |p 3020045300  |r 2026-03-07  |s 2026-03-07  |t 14  |v 3140.00  |w 2026-01-29  |y 4HOUR  |x As per the instruction of Dr. Tahseen H. Ali, Assistant Dean of the School of General Education, the book has been placed on a 4-hour loan for the course titled- 'Emergence of Bangladesh (EMB-101)'. 
952 |0 0  |1 0  |2 ddc  |4 0  |6 954_920310000000000_BAN  |7 0  |9 78795  |a SCL  |b SCL  |c CIR  |d 2026-01-29  |e Book Finder International   |g 1570.00  |l 1  |o 954.92031 BAN  |p 3020045303  |r 2026-03-07  |s 2026-03-07  |t 17  |v 3140.00  |w 2026-01-29  |y 4HOUR  |x As per the instruction of Dr. Tahseen H. Ali, Assistant Dean of the School of General Education, the book has been placed on a 4-hour loan for the course titled- 'Emergence of Bangladesh (EMB-101)'.